| 000 | 00764nam a2200241 a 4500 | ||
|---|---|---|---|
| 001 | BRCA_6951 | ||
| 005 | 20190320205645.0 | ||
| 008 | 181111s1956----u--a######---#000-0#eng-# | ||
| 041 | _aeng | ||
| 044 | _au | ||
| 050 | 4 |
_aND653.R4 _b.S54 1956 |
|
| 245 | 1 | 0 |
_aRembrandt _bBible paintings _ctext by Seymour Slive |
| 260 |
_a[Estados Unidos _bHarry N. Abrams _cc1956] |
||
| 300 |
_a5 p. _bil. (algunas a color), 16 láminas _c39 cm. |
||
| 440 | 0 |
_aAbrams art book _917322 |
|
| 500 | _aEstado físico: algunas páginas se están desprendiendo | ||
| 500 | _aO185 | ||
| 600 | 1 | 4 |
_aRembrandt Harmenszoon van Rijn _y1606-1669 _917323 |
| 650 | 1 | 4 |
_aBiblia _xGrabados, ilustraciones, etc. _917324 |
| 700 | 1 |
_aSlive, Seymour _etx. _917325 |
|
| 902 | _aGFM | ||
| 942 |
_2lcc _cB |
||
| 999 |
_c6633 _d6633 |
||